Statistics for Guess the Taylor Swift Song (no hints) 37

Click here to take the quiz!

General Stats

  • This quiz has been taken 123 times
  • The average score is 206 of 288

Answer Stats

Answer% Correct
I
100%
a
99%
the
99%
The
99%
and
96%
And
96%
He
96%
he
96%
it
94%
me,
94%
me
94%
my
92%
in
91%
on
91%
So
90%
so
90%
we
90%
when
90%
it's
89%
love
89%
love,
89%
to
89%
be
88%
That
88%
that
88%
do
87%
I'm
86%
her
85%
But
84%
but
84%
know
84%
of
84%
all
83%
don't
83%
for
83%
if
81%
see
81%
at
79%
can
79%
I'll
79%
one
77%
why
77%
as
76%
by
76%
just
76%
there
74%
can't
73%
him
72%
his
72%
Look
71%
have
70%
'Cause
68%
'cause
68%
he's
68%
He's
68%
with
68%
could
66%
think
66%
about
65%
thing
65%
got
64%
eyes
63%
night
63%
only
63%
she's
62%
won't
62%
never
61%
up,
61%
down
60%
get
59%
should
58%
some
58%
want
58%
right
57%
give
56%
out
56%
tell
56%
time
55%
guitar
53%
looks
53%
even
52%
knows
52%
teardrops
52%
bet
51%
keep
51%
car
50%
everything
50%
reason
50%
smile
50%
those
50%
live
49%
wish
49%
girl
48%
heart
48%
beautiful,
47%
beautiful
47%
Drew
47%
fake
47%
goes,
47%
says
47%
star
47%
need
46%
song
46%
without
46%
home
44%
keeps
44%
singing,
44%
talks
44%
wishing
44%
wonder
44%
alone,
43%
better
43%
funny
43%
laugh
43%
put
42%
breathe?
41%
into
41%
She'd
41%
walks
41%
lucky
40%
there's
40%
kind
39%
finally
38%
who's
38%
break
37%
fall
37%
hold
37%
sleep
37%
turn
37%
light
36%
maybe
36%
perfectly
36%
picture
36%
tonight
36%
drive
35%
enough
35%
flawless
35%
tight,
34%
anyone
30%
needing
30%
taken
25%

Score Distribution

Percentile by Number Answered

Percent of People with Each Score

Your Score History

You have not taken this quiz